[Event "CRO-CupT final"]
[Site "Sibenik"]
[Date "2015.05.23"]
[Round "5.11"]
[White "Marinkovic, Milan"]
[Black "Grguric, Dragan"]
[Result "0-1"]
[WhiteElo "2207"]
[BlackElo "2051"]
[PlyCount "55"]
[EventDate "2015.05.20"]
[EventType "team-swiss"]
[EventRounds "6"]
[EventCountry "CRO"]
[SourceTitle "CBM 166 Extra"]
[Source "ChessBase"]
[SourceDate "2015.06.18"]
[SourceVersion "1"]
[SourceVersionDate "2015.06.18"]
[SourceQuality "1"]
[WhiteTeam "Vukovar Slaven"]
[BlackTeam "Porec Gortan"]
[WhiteTeamCountry "CRO"]
[BlackTeamCountry "CRO"]

1. c4 e5 2. Nc3 Nf6 3. Nf3 d6 4. g3 g6 5. Bg2 Bg7 6. d3 0-0 7. 0-0 Nc6 8. Rb1 a5 9. a3 Bg4 10. b4 axb4 11. axb4 Nd4 12. Nxd4 exd4 13. Nd5 Re8 14. Re1 Ra2 15. Rb2 Ra1 16. h3 Nxd5 17. cxd5 Bh6 18. f4 Bd7 19. Qc2 Ba4 20. Qc4 g5 21. f5 g4 22. Bxh6 Rxe1+ 23. Kf2 Qf6 24. Kxe1 Qxh6 25. Qxd4 gxh3 26. Bf3 h2 27. Qh4 Qc1+ 28. Kf2 0-1

[Event "CRO-CupT final"]
[Site "Sibenik"]
[Date "2015.05.22"]
[Round "4.12"]
[White "Bartakovic, Tomislav"]
[Black "Marinkovic, Milan"]
[Result "1/2-1/2"]
[WhiteElo "2124"]
[BlackElo "2207"]
[PlyCount "131"]
[EventDate "2015.05.20"]
[EventType "team-swiss"]
[EventRounds "6"]
[EventCountry "CRO"]
[SourceTitle "CBM 166 Extra"]
[Source "ChessBase"]
[SourceDate "2015.06.18"]
[SourceVersion "1"]
[SourceVersionDate "2015.06.18"]
[SourceQuality "1"]
[WhiteTeam "Samobor"]
[BlackTeam "Vukovar Slaven"]
[WhiteTeamCountry "CRO"]
[BlackTeamCountry "CRO"]

1. e4 Nf6 2. e5 Nd5 3. Bc4 Nb6 4. Bb3 d5 5. d4 Bf5 6. Ne2 e6 7. Ng3 Bg6 8. 0-0 c5 9. c3 Nc6 10. Be3 cxd4 11. cxd4 Na5 12. Ba4+ Nxa4 13. Qxa4+ Nc6 14. Nd2 Be7 15. a3 Qd7 16. Qd1 0-0 17. Rc1 f6 18. f4 fxe5 19. fxe5 Rxf1+ 20. Qxf1 Rc8 21. Ne2 Nd8 22. Nf4 Rxc1 23. Qxc1 Bf7 24. Qc3 Qc6 25. Qxc6 Nxc6 26. Kf2 g5 27. Nd3 Bg6 28. Ke2 h6 29. b4 b6 30. Nb1 Kf7 31. Nc3 Ke8 32. Kd2 Kd7 33. Ne2 Nd8 34. Kc3 Kc6 35. Nec1 Kb5 36. Kb3 Kc6 37. a4 Nb7 38. Bd2 a6 39. Kc3 a5 40. b5+ Kd7 41. Be3 Be4 42. g3 Bf3 43. Kd2 Ke8 44. Na2 Kf7 45. Bf2 Kg6 46. Ke3 Bd1 47. Nc3 Bb3 48. Nc1 Bc4 49. g4 h5 50. Kf3 Ba3 51. Be3 Nd8 52. Bd2 Nf7 53. h3 Bb2 54. Kf2 Nh6 55. Kg3 Ba3 56. Be3 Bf1 57. N1e2 Bb4 58. Bc1 Ng8 59. Be3 Ne7 60. Bc1 h4+ 61. Kh2 Kh6 62. Be3 Ng6 63. Bc1 Ne7 64. Be3 Ng6 65. Bc1 Ne7 66. Be3 1/2-1/2

[Event "CRO-CupT final"]
[Site "Sibenik"]
[Date "2015.05.20"]
[Round "1.3"]
[White "Marinkovic, Milan"]
[Black "Zelcic, Robert"]
[Result "0-1"]
[WhiteElo "2207"]
[BlackElo "2504"]
[PlyCount "110"]
[EventDate "2015.05.20"]
[EventType "team-swiss"]
[EventRounds "6"]
[EventCountry "CRO"]
[SourceTitle "CBM 166 Extra"]
[Source "ChessBase"]
[SourceDate "2015.06.18"]
[SourceVersion "1"]
[SourceVersionDate "2015.06.18"]
[SourceQuality "1"]
[WhiteTeam "Vukovar Slaven"]
[BlackTeam "Zagreb Zagreb"]
[WhiteTeamCountry "CRO"]
[BlackTeamCountry "CRO"]

1. c4 e5 2. Nc3 Nf6 3. Nf3 Nc6 4. g3 d5 5. cxd5 Nxd5 6. Bg2 Nb6 7. 0-0 Be7 8. e3 Bg4 9. h3 Be6 10. d4 exd4 11. Nxd4 Nxd4 12. Qxd4 Qxd4 13. exd4 c6 14. Ne4 0-0-0 15. Nc5 Bd5 16. Be3 Bxg2 17. Kxg2 Nc4 18. Rac1 Bxc5 19. Rxc4 Bb6 20. b4 Rd5 21. a4 a6 22. Rb1 Kd7 23. b5 cxb5 24. axb5 a5 25. Ra4 Rd8 26. Bd2 Ra8 27. Bc3 Bd8 28. Kf3 Rf5+ 29. Ke3 b6 30. f4 Bc7 31. Bd2 Re8+ 32. Kd3 Rh5 33. h4 Rh6 34. Re1 Rxe1 35. Bxe1 Re6 36. Bf2 f5 37. d5 Re8 38. Bd4 Re1 39. Bxg7 Rg1 40. Be5 Rxg3+ 41. Kd4 Bd8 42. Rc4 Rb3 43. Rc6 Rb4+ 44. Kd3 Rxb5 45. Kd4 Bxh4 46. Rc7+ Kd8 47. d6 Bf2+ 48. Kd3 Rd5+ 49. Ke2 Bc5 50. Bf6+ Ke8 51. Re7+ Kf8 52. Bg7+ Kg8 53. Be5 h5 54. Rg7+ Kf8 55. d7 Be7 0-1

[Event "CRO-chT1B"]
[Site "Bol"]
[Date "2014.10.10"]
[Round "7.3"]
[White "Zamostni, Jan"]
[Black "Marinkovic, Milan"]
[Result "1/2-1/2"]
[WhiteElo "2237"]
[BlackElo "2197"]
[PlyCount "47"]
[EventDate "2014.10.04"]
[EventType "team-tourn"]
[EventRounds "9"]
[EventCountry "CRO"]
[SourceTitle "CBM 162 Extra"]
[Source "ChessBase"]
[SourceDate "2014.10.17"]
[SourceVersion "1"]
[SourceVersionDate "2014.10.17"]
[SourceQuality "1"]
[WhiteTeam "Strigova Stridon"]
[BlackTeam "Vukovar Slaven"]
[WhiteTeamCountry "CRO"]
[BlackTeamCountry "CRO"]

1. e4 Nf6 2. e5 Nd5 3. d4 d6 4. Nf3 Bg4 5. Be2 e6 6. 0-0 Be7 7. c4 Nb6 8. exd6 cxd6 9. Nc3 0-0 10. Re1 a6 11. Bf4 Bxf3 12. Bxf3 Nxc4 13. Bxb7 Ra7 14. Bf3 d5 15. Qe2 Nc6 16. Rad1 Bf6 17. Be3 Nd6 18. Qc2 Nf5 19. Qa4 Qb6 20. Ne2 Qb7 21. Nc3 Qb6 22. Ne2 Qb7 23. Nc3 Qb6 24. Ne2 1/2-1/2

[Event "CRO-chT1B"]
[Site "Bol"]
[Date "2014.10.09"]
[Round "6.4"]
[White "Marinkovic, Milan"]
[Black "Markotic, Gordan"]
[Result "1/2-1/2"]
[WhiteElo "2197"]
[BlackElo "2280"]
[PlyCount "60"]
[EventDate "2014.10.04"]
[EventType "team-tourn"]
[EventRounds "9"]
[EventCountry "CRO"]
[SourceTitle "CBM 162 Extra"]
[Source "ChessBase"]
[SourceDate "2014.10.17"]
[SourceVersion "1"]
[SourceVersionDate "2014.10.17"]
[SourceQuality "1"]
[WhiteTeam "Vukovar Slaven"]
[BlackTeam "Dubrovnik"]
[WhiteTeamCountry "CRO"]
[BlackTeamCountry "CRO"]

1. d4 d6 2. Nf3 Nf6 3. c4 g6 4. Nc3 Bg7 5. e4 Bg4 6. Be2 0-0 7. 0-0 Nfd7 8. Be3 e5 9. d5 a5 10. Ne1 Bxe2 11. Qxe2 Na6 12. Nd3 b6 13. b3 Nac5 14. Nxc5 bxc5 15. Qd2 f5 16. f3 Nf6 17. Bh6 Qe7 18. Bxg7 Qxg7 19. Rab1 f4 20. Rf2 Rfb8 21. Qe1 Rf8 22. a3 Rfb8 23. Rfb2 Nd7 24. Qh4 Qf7 25. h3 Kg7 26. Kf2 h6 27. Ke2 g5 28. Qf2 Qe7 29. Qe1 Qf7 30. Qf2 Qe7 1/2-1/2

[Event "CRO-chT1B"]
[Site "Bol"]
[Date "2014.10.06"]
[Round "3.1"]
[White "Marinkovic, Milan"]
[Black "Susak, Zeljko"]
[Result "1/2-1/2"]
[WhiteElo "2197"]
[BlackElo "2189"]
[PlyCount "60"]
[EventDate "2014.10.04"]
[EventType "team-tourn"]
[EventRounds "9"]
[EventCountry "CRO"]
[SourceTitle "CBM 162 Extra"]
[Source "ChessBase"]
[SourceDate "2014.10.17"]
[SourceVersion "1"]
[SourceVersionDate "2014.10.17"]
[SourceQuality "1"]
[WhiteTeam "Vukovar Slaven"]
[BlackTeam "Split Brda"]
[WhiteTeamCountry "CRO"]
[BlackTeamCountry "CRO"]

1. c4 Nf6 2. Nf3 e6 3. g3 b6 4. Bg2 Bb7 5. 0-0 Be7 6. Nc3 0-0 7. d4 Ne4 8. Nxe4 Bxe4 9. Ne1 Bxg2 10. Nxg2 d5 11. cxd5 exd5 12. Bf4 Bd6 13. Qa4 c6 14. Rac1 Re8 15. Rc2 a5 16. Rfc1 b5 17. Qb3 a4 18. Qf3 Qd7 19. Bxd6 Qxd6 20. Ne1 Ra7 21. Nd3 f6 22. a3 Ra6 23. Nb4 Rb6 24. e3 Qd7 25. h4 Re4 26. Rc3 Re8 27. R1c2 Re6 28. Kg2 Re4 29. Rc1 Re8 30. R3c2 Re4 1/2-1/2

[Event "Zupanja op"]
[Site "Zupanja"]
[Date "2014.08.24"]
[Round "5"]
[White "Marinkovic, Milan"]
[Black "Vukelic, Tomislav"]
[Result "1/2-1/2"]
[WhiteElo "2197"]
[BlackElo "2178"]
[PlyCount "42"]
[EventDate "2014.08.24"]
[EventType "swiss"]
[EventRounds "9"]
[EventCountry "CRO"]
[SourceTitle "EXT 2016"]
[Source "ChessBase"]
[SourceDate "2015.10.08"]
[SourceVersion "1"]
[SourceVersionDate "2015.10.08"]
[SourceQuality "1"]

1. c4 e6 2. Nf3 d5 3. d4 a6 4. Nbd2 c5 5. cxd5 exd5 6. g3 Nc6 7. dxc5 Bxc5 8. Bg2 Nf6 9. 0-0 h6 10. a3 0-0 11. b4 Ba7 12. Bb2 Ne4 13. Nb3 Bg4 14. Nfd4 Bd7 15. Rc1 Re8 16. f3 Nd6 17. Nc5 Bxc5 18. Rxc5 Nc4 19. Bc1 Nb6 20. Bb2 Nc4 21. Bc1 Nb6 1/2-1/2

[Event "CRO-chT2"]
[Site "Bol"]
[Date "2013.09.20"]
[Round "7.4"]
[White "Nikolic, Emil"]
[Black "Marinkovic, Milan"]
[Result "1/2-1/2"]
[WhiteElo "2179"]
[BlackElo "2197"]
[PlyCount "22"]
[EventDate "2013.09.14"]
[EventType "team-tourn"]
[EventRounds "9"]
[EventCountry "CRO"]
[SourceTitle "CBM 156 Extra"]
[Source "ChessBase"]
[SourceDate "2013.10.22"]
[SourceVersion "1"]
[SourceVersionDate "2013.10.22"]
[SourceQuality "1"]
[WhiteTeam "Sesvete"]
[BlackTeam "Vukovar Slaven"]
[WhiteTeamCountry "CRO"]
[BlackTeamCountry "CRO"]

1. f4 d5 2. Nf3 Nf6 3. e3 Bg4 4. Be2 c5 5. 0-0 Nc6 6. b3 e6 7. Bb2 Be7 8. Ne5 Bxe2 9. Qxe2 Rc8 10. d3 0-0 11. Nd2 b5 1/2-1/2

[Event "Budapest FS08 IM"]
[Site "Budapest"]
[Date "1999.08.18"]
[Round "12"]
[White "Tuturin, Sergey"]
[Black "Marinkovic, Milan"]
[Result "1/2-1/2"]
[WhiteElo "2268"]
[BlackElo "2360"]
[PlyCount "21"]
[EventDate "1999.08.05"]
[EventType "tourn"]
[EventRounds "13"]
[EventCountry "HUN"]
[EventCategory "3"]
[SourceTitle "CBM 071 Extra"]
[Source "ChessBase"]
[SourceDate "1999.09.14"]
[SourceVersion "1"]
[SourceVersionDate "1999.09.14"]
[SourceQuality "1"]

1. e4 Nf6 2. e5 Nd5 3. d4 d6 4. Nf3 Bg4 5. Be2 e6 6. 0-0 Be7 7. c4 Nb6 8. Nc3 0-0 9. Be3 a6 10. Qb3 dxe5 11. Nxe5 1/2-1/2

[Event "Budapest FS08 IM"]
[Site "Budapest"]
[Date "1999.08.15"]
[Round "9"]
[White "Marinkovic, Milan"]
[Black "Eperjesi, Laszlo"]
[Result "1/2-1/2"]
[WhiteElo "2360"]
[BlackElo "2381"]
[PlyCount "20"]
[EventDate "1999.08.05"]
[EventType "tourn"]
[EventRounds "13"]
[EventCountry "HUN"]
[EventCategory "3"]
[SourceTitle "CBM 071 Extra"]
[Source "ChessBase"]
[SourceDate "1999.09.14"]
[SourceVersion "1"]
[SourceVersionDate "1999.09.14"]
[SourceQuality "1"]

1. c4 c5 2. Nf3 Nc6 3. Nc3 Nf6 4. d4 cxd4 5. Nxd4 e6 6. g3 Be7 7. Bg2 0-0 8. 0-0 a6 9. b3 Qc7 10. Bb2 d6 1/2-1/2

[Event "Budapest FS08 IM"]
[Site "Budapest"]
[Date "1999.08.13"]
[Round "7"]
[White "Marinkovic, Milan"]
[Black "Williams, Paul"]
[Result "1/2-1/2"]
[WhiteElo "2360"]
[BlackElo "2270"]
[PlyCount "72"]
[EventDate "1999.08.05"]
[EventType "tourn"]
[EventRounds "13"]
[EventCountry "HUN"]
[EventCategory "3"]
[SourceTitle "CBM 071 Extra"]
[Source "ChessBase"]
[SourceDate "1999.09.14"]
[SourceVersion "1"]
[SourceVersionDate "1999.09.14"]
[SourceQuality "1"]

1. e4 c5 2. Nc3 e6 3. g3 d5 4. d3 Nf6 5. Bg2 dxe4 6. dxe4 Qxd1+ 7. Nxd1 Nc6 8. Ne3 Be7 9. f4 e5 10. Ne2 0-0 11. Bd2 exf4 12. gxf4 Ng4 13. 0-0 Nxe3 14. Bxe3 Bg4 15. Nc3 Nd4 16. Rfc1 Rfd8 17. a3 Nc6 18. Nd5 Bf8 19. c3 Na5 20. Rc2 c4 21. h3 Bd7 22. Kh2 Bc6 23. Nb4 Ba4 24. Rf2 Nb3 25. Re1 Nc5 26. Rg1 a5 27. Nd5 Bc6 28. Bf3 Bxd5 29. exd5 Nd3 30. Rfg2 g6 31. f5 Bd6+ 32. Kh1 Re8 33. Bd2 Bc5 34. Rb1 Nf2+ 35. Kh2 Bd6+ 36. Kg1 Nxh3+ 1/2-1/2